00410nmm a22001457a 450000500170000000800410001704100080005808200100006610000320007624500870010826000090019565000150020465000330021965000120025220160523094643.0150618b xxu||||| |||| 00| 0 spa d aspa aDE 41 aPérez Molina, Ana María aInforme de práctica supervisada realizado en Banco Popular de Desarrollo Comunal c2014 aCOSTA RICA aADMINISTRACIÓN DE EMPRESAS aARCHIVO